000 00680nam a22001937a 4500
008 170113b xxu||||| |||| 00| 0 eng d
020 _a9780760771402
050 _aTK9969
_b.Y37 2005
100 _aYarnold, Stuart
245 _aBuilding a PC :
_b|in easy steps /
_cStuart Yarnold
246 _aBuilding a personal computer
250 _a 3rd ed
260 _aSoutham, Warwickshire, U.K. :
_bIn Easy Steps Ltd.
_c2005
300 _a192 p. :
_bcol. ill. ;
_c23 cm
500 _a"Plain English, easy to follow, fully illustrated, in full color"--Cover
500 _aIncludes index
650 _aMicrocomputers
_xxDesign and construction
942 _2lcc
_cBK
999 _c47852
_d47852